000
00272nam a22001337a 4500
008
180917b xxu||||| |||| 00| 0 eng d
041
_a
eng
080
_a
94
082
_a
94
100
_a
16
101
_a
HIS
245
_a
Rome and Vatican
_c
Chapel,S
942
_2
udc
_c
BK
999
_c
47837
_d
47837